000 00625nam a2200229Ia 4500
003 OSt
005 20221007080655.0
006 a|||||r|||| 00| 0
007 ta
008 221006b |||||||| |||| 00| 0 eng d
024 _a25,978
037 _cTextual
040 _aFLL
_cFLL
_beng
041 _2eng
_aeng
082 _aZ73:8, L0
100 _aMoore James WM.
_9695220
245 0 _aRules of the Supreme Court of the United States
260 _aNew York
_b235, 45th Street New York
_c1970
300 _a3001-3987p
_ccm.
942 _hZ73:8, L0
_cTEXL
_2CC
999 _c1160503
_d1160503